Responses for Show #6178 - Wednesday, June 22, 2011

Jay Rhee game 3.

Contestants

[<< previous game]

Kate Sparich, a project manager from West Deptford, New Jersey

Kartik Venguswamy, a general litigation attorney from Washington, D.C.

Jay Rhee, an oncologist from Annapolis, Maryland (whose 2-day cash winnings total $45,202)

[next game >>]

Jeopardy! Round responses

LYNDON JOHNSON
(Alex: Former president, yes.)
MOVIE TIMES
LITERARY CROSSWORD CLUES "P"
BEN & JERRY'S FLAVORS
COURSE CORRECTION
STUFF FOR YOUR COMPUTER?
(Alex: Each response will be a computer term.)
    $200 26
(Hubert) Humphrey

Jay
    $200 1
127 Hours

Kartik
    $200 14
the Pequod

Kartik
    $200 6
Heath

Jay
    $200 21
[Alex reads "POLS" as "poli sci".]

Brown University

Kartik
    $200 7
hardware

Jay
    $400 27
Thurgood Marshall

Jay
    $400 2
High Noon

Jay
    $400 15
Porthos

Kartik
    $400 12
Chubby Hubby

Jay
    $400 22
the University of Michigan

Kartik
    $400 8
memory

Jay
    $600 28
Goldwater

Jay
    $600 3
Three Days of the Condor

Triple Stumper
    $600 16
Polonius

Jay
    $600 13
Crazy

Kartik
    $600 23
Stanford

Jay
    $600 9
windows

Kate
    $2,000 29
Senate Majority leader

Jay
    $800 4
(500) Days of Summer

Kate
    $800 17
Pushkin

Kate
    $800 19
Boston Cream Pie

Jay
    $800 24
Notre Dame

Kartik
    $800 10
monitor

Triple Stumper
    $1000 30
"Landslide Lyndon"

Jay
    $1000 5
Two Weeks Notice

Kate
    $1000 18
(Jay: Who is Petrarch?)
(Kartik: Who is Plutarch?)
...
(Alex: Six letters only, who is [*]?)

Pindar

JayKartik
Triple Stumper
    $1000 20
Dublin

Kartik
    $1000 25
[Alex reads "ACCT" as "accounting".]

Wharton

Kartik
    $1000 11
(Alex: You probably use one every time--a [*]. What is a [*]?)

mouse

Triple Stumper

Scores at the first commercial break (after clue 15):

Jay Kartik Kate
$1,600 $1,400 $2,400

Scores at the end of the Jeopardy! Round:

Jay Kartik Kate
$6,800 $3,800 $3,200

Double Jeopardy! Round responses

NATIVE AMERICAN TRIBES
MOTOR SPORTS
LANDMARKS
SHAPE, PLEASE
STYX
"STONE"S
    $400 30
the Seminoles

Kate
    $400 28
Earnhardt

Kartik
    $400 4
Prague

Jay
    $400 25
a lightning bolt

Kate
    $400 1
Achilles

Kartik
    $400 15
a stone's throw

Jay
    $800 29
(Kartik: Who are the Navajo?)

the Pueblo Indians

Kartik
Triple Stumper
    $800 27
Richard Petty

Kate
    $800 5
North Korea

Jay
    $800 26
(Alex: [*] for "Zorro".)

a Z

Kartik
    $4,200 2
(Kartik: ...What is [*]?)

death

Kartik
    $800 9
the Stone Age

Kartik
    $1200 20
(Kate: What is Cherokee?)

Apache

Kate
Triple Stumper
    $1200 13
Japan

Jay
    $1200 6
Lillehammer

Jay
    $1200 16
a shield

Kate
    $1200 3
Alexander

Jay
    $1200 10
Stonehenge

Jay
    $1,000 21
Sioux

Jay
    $1600 14
Mario Andretti

Kate
    $1600 7
(Alex: You remember the musical? Everything's up to date in [*].)

Kansas City

Triple Stumper
    $1600 17
diamonds

Kartik
    $1600 19
Charon

Jay
    $1600 11
stonewashed

Kartik
    $2000 22
(Kartik: Who are the Seattle?)
(Jay: Who are the [*] [pronounced nay per-SAY]?)
(Alex: Yes. [nezz PURSE].)

Nez Perce

JayKartik
    $2000 23
Helio Castroneves

Jay
    $2000 8
Tennessee

Kartik
    $2000 18
a cross

Kartik
    $2000 24
(Kartik: Who is Ocean?)

Oceanus

KartikKate
    $2000 12
stonewall

Jay

Scores at the end of the Double Jeopardy! Round:

Jay Kartik Kate
$21,800 $12,800 $8,400

[wagering suggestions for these scores]

Final Jeopardy! Round responses

LITERARY CHARACTERS
(Alex: Who is [*] in Gone With the Wind, you are correct.)
KateWho is Rhett Butler?
$8,400
KartikWho is Uncle Tom?
$12,800
JayWho is Rhe Rhett Butler?
$3,801
Rhett Butler

Final scores:

Jay Kartik Kate
$25,601 $0 $16,800
3-day champion: $70,803 3rd place: $1,000 2nd place: $2,000

Game dynamics:

Coryat scores:

Jay Kartik Kate
$21,200 $9,400 $8,400
25 R
(including 2 DDs),
1 W
18 R
(including 1 DD),
4 W
10 R,
1 W

Combined Coryat: $39,000

[game clues] [game scores] [suggest correction]

Game tape date: 2011-03-01
The J! Archive is created by fans, for fans. Scraping, republication, monetization, and malicious use prohibited; this site may use cookies and collect identifying information. See terms. The Jeopardy! game show and all elements thereof, including but not limited to copyright and trademark thereto, are the property of Jeopardy Productions, Inc. and are protected under law. This website is not affiliated with, sponsored by, or operated by Jeopardy Productions, Inc. Join the discussion at JBoard.tv.